Tiran(i)a / [direcció: Bashkim Shehu ; coordinació: Marina Palà] Bashkim Shehu ; coordinació:
ISBN:
84-7794-837-2
Publicado:
Barcelona :
Centre de Cultura Contemporània de Barcelona : Institut d'Edicions de la Diputació de Barcelona, DL 2002
Descripción Física:
214 p. : il. (algunes col.) ; 24 cm
MARC
| LEADER | 00000nam a2200000Ia 4500 | ||
|---|---|---|---|
| 001 | 13573 | ||
| 008 | 160829s9999 xx 000 0 cat d | ||
| 020 | |a 84-7794-837-2 | ||
| 080 | |a H-2-126 | ||
| 245 | |a Tiran(i)a / [direcció: |b Bashkim Shehu ; coordinació: |b Marina Palà] | ||
| 260 | |a Barcelona : |b Centre de Cultura Contemporània de Barcelona : |b Institut d'Edicions de la Diputació de Barcelona, DL 2002 | ||
| 300 | |a 214 p. : |b il. (algunes col.) ; |c 24 cm | ||
| 590 | |a Text en català i castellà. | ||
| 590 | |a Catàleg de l'exposició dedicada a Albània | ||
| 650 | |a Tirana |x Exposicions |9 26964 | ||
| 650 | |a Comunisme |x Albània |x Exposicions |9 26965 | ||
| 650 | |a Albània |x Política i govern |x S. XX |x Exposicions I |9 26966 | ||
| 650 | |a Albània |x Condicions socials |x S. XX |x Exposicions |9 26967 | ||
| 700 | |a Shehu, Bashkim, dir. |9 26968 | ||
| 700 | 1 | |a Palà, Marina |e editor |9 41454 | |
| 710 | 2 | |a Centre de Cultura Contemporània de Barcelona |9 52510 | |
| 901 | |a Arxiu | ||
| 942 | |n 1 |2 udc | ||
| 952 | |0 0 |1 0 |4 0 |6 H2126 |7 1 |9 44223 |a Arxiu |b Arxiu |d 2016-12-01 |l 0 |o H-2-126 |p 13573 |r 2016-12-01 00:00:00 |w 2016-12-01 |y ARXIU | ||
| 999 | |c 46803 |d 46803 | ||